| 000 | 00737aam a2200265 4500 | ||
|---|---|---|---|
| 005 | 20190529184234.0 | ||
| 008 | 150602b xxu||||| |||| 00| 0 spa d | ||
| 020 | _a9788473567947 | ||
| 041 | _aspa | ||
| 082 | _a658.3 A179t | ||
| 100 |
_aAcosta Vera, José María _96347 |
||
| 245 | _aTrabajo en equipo | ||
| 260 |
_aEspaña _bAlfaomega _c2014 |
||
| 300 | _a238 páginas | ||
| 650 |
_aADMINISTRACIÓN _9268 |
||
| 650 |
_aTRABAJO EN EQUIPO _9731 |
||
| 650 |
_aTIPOS DE EQUIPO _96348 |
||
| 650 |
_aFUNCIONES DEL GRUPO _96349 |
||
| 650 |
_aPAPEL DEL EQUIPO _96350 |
||
| 650 |
_aTOMA DE DECISIONES _9865 |
||
| 650 |
_aRESOLUCIÓN DE CONFLICTOS _96351 |
||
| 650 |
_aCREATIVIDAD _953826 |
||
| 650 |
_aINNOVACIÓN _91005 |
||
| 942 | _cBK | ||
| 999 |
_c7774 _d7774 |
||